|
|
|
|
| LEADER |
00000cam a22000004a 4500 |
| 001 |
musev2_73616 |
| 003 |
MdBmJHUP |
| 005 |
20230905051610.0 |
| 006 |
m o d |
| 007 |
cr||||||||nn|n |
| 008 |
981202s1982 nju o 00 0 eng d |
| 020 |
|
|
|a 9780691209654
|
| 020 |
|
|
|z 9780691083018
|
| 020 |
|
|
|z 9780691083025
|
| 035 |
|
|
|a (OCoLC)1227050745
|
| 040 |
|
|
|a MdBmJHUP
|c MdBmJHUP
|
| 100 |
1 |
|
|a Tilman, David.
|
| 245 |
1 |
0 |
|a Resource Competition and Community Structure. (MPB-17), Volume 17
|
| 264 |
|
1 |
|a Princeton, NJ :
|b Princeton Univ. Pr.,
|c 1982.
|
| 264 |
|
3 |
|a Baltimore, Md. :
|b Project MUSE,
|c 2021
|
| 264 |
|
4 |
|c ©1982.
|
| 300 |
|
|
|a 1 online resource:
|b Diagramme.
|
| 336 |
|
|
|a text
|b txt
|2 rdacontent
|
| 337 |
|
|
|a computer
|b c
|2 rdamedia
|
| 338 |
|
|
|a online resource
|b cr
|2 rdacarrier
|
| 490 |
0 |
|
|a Monographs in population biology ;
|v 17
|
| 588 |
|
|
|a Description based on print version record.
|
| 650 |
0 |
7 |
|a Biodiversität
|0 (DE-588)4601495-0
|2 gnd
|
| 650 |
0 |
7 |
|a Biozönose
|0 (DE-588)4069495-1
|2 gnd
|
| 650 |
0 |
7 |
|a Konkurrenz
|g Biologie
|0 (DE-588)4226984-2
|2 gnd
|
| 650 |
|
2 |
|a POPULATION
|
| 650 |
|
2 |
|a ECOLOGY
|
| 650 |
|
7 |
|a Pflanzen
|x Ökologie.
|2 idsbb
|
| 650 |
|
7 |
|a Pflanzengesellschaft.
|2 idsbb
|
| 650 |
|
7 |
|a Populationsbiologie.
|2 idsbb
|
| 655 |
|
7 |
|a Electronic books.
|2 local
|
| 710 |
2 |
|
|a Project Muse.
|e distributor
|
| 830 |
|
0 |
|a Book collections on Project MUSE.
|
| 856 |
4 |
0 |
|z Texto completo
|u https://projectmuse.uam.elogim.com/book/73616/
|
| 945 |
|
|
|a Project MUSE - Custom Collection
|
| 945 |
|
|
|a Project MUSE - Archive Complete Supplement IX
|
| 945 |
|
|
|a Project MUSE - Archive Ecology and Evolution Supplement VIII
|